| 000 | 00401pab a2200157 454500 | ||
|---|---|---|---|
| 008 | 180718b2000 xxu||||| |||| 00| 0 eng d | ||
| 100 | _aDaruwalla, K.N. | ||
| 245 | _aPakistan: state, polity and the ISI | ||
| 260 | _c2000 | ||
| 300 | _ap.61-88 | ||
| 362 | _aJan-Mar | ||
| 650 | _aPakistan - Politics and government | ||
| 650 | _aPolitics and government | ||
| 773 | _aUSI Journal | ||
| 909 | _a45302 | ||
| 999 |
_c45302 _d45302 |
||